Nyitravármegye hivatalos lapja

Bibliographic Details
Format: Serial
Language:Hungarian
PhysicalDescription:zv. 31 x 23 cm
Published: Nitra [s.n.] 1903-1918
Subjects:

MARC

LEADER 00000cas a2200000 a 4500
001 vtls001222739
003 SK-MaSNL
005 20260228162021.0
008 180810d19031918xo wr 0 0 0hun
035 |a SNK000168434 
040 |a SNK  |b slo  |c SNK  |e AACR2 
041 0 |a hun 
043 |a e-xo--- 
044 |a xo  |c SK 
072 7 |a 352/354  |x Stupne miestnej, oblastnej a ústrednej správy  |2 konspekt 
080 |a 352/353  |2 2011 
080 |a (437.6)  |2 2011 
080 |a 050  |2 2011 
080 |a (051)+(054)(437.6)  |2 2011 
245 0 0 |a Nyitravármegye hivatalos lapja 
260 |a Nitra  |b [s.n.]  |c 1903-1918  |f Nándor Neugebauer 
300 |a zv.  |c 31 x 23 cm 
310 |a 1x týždenne 
362 0 |a Roč. 1 (2. apr. 1903)-roč. 16, č. 52 (1918) 
650 0 7 |a župy  |2 SNKPH  |9 30635 
651 7 |a Nitra (Slovensko)  |2 SNKPHgeo  |9 15714 
655 7 |a regionálne periodiká  |2 SNKPH  |9 131775 
910 |a snk 
958 |a ONDV 
999 |c 6477  |d 8407 
952 |0 0  |1 0  |4 0  |7 0  |8 5  |a SNK  |b SNK  |d 1996-10-23  |i snkF 1128/96  |l 0  |o snkČSB 1743/2/1904 D2  |p 17A0014154  |r 2005-01-01 00:00:00  |t sz. 1-56  |w 2026-02-21  |y PREZ 
952 |0 0  |1 0  |4 0  |7 0  |a SNK  |b SNK  |d 1996-10-23  |l 0  |o snkČSB 1743/12/1914  |p 17A0330364  |r 2005-01-01 00:00:00  |t sz. 1-56  |w 2026-02-21  |y PREZ 
952 |0 0  |1 0  |4 0  |7 0  |8 5  |a SNK  |b SNK  |d 1996-10-23  |i snkF 1135/96  |l 0  |o snkČSB 1743/12/1914 D1  |p 17A0014153  |r 2005-01-01 00:00:00  |t sz. 1-56  |w 2026-02-21  |y PREZ 
952 |0 0  |1 0  |4 0  |7 0  |8 1  |a SNK  |b SNK  |d 2002-01-25  |i snkD 3440/76  |l 0  |o snkČSB 1743/13/1915  |p 17A0330336  |r 2005-01-01 00:00:00  |t sz. 1-53  |w 2026-02-21  |y PREZ 
952 |0 0  |1 0  |4 0  |7 0  |8 1  |a SNK  |b SNK  |d 2002-01-25  |i snkD 3441/76  |l 0  |o snkČSB 1743/16/1918  |p 17A0330353  |r 2005-01-01 00:00:00  |t sz. 1-52  |w 2026-02-21  |y PREZ 
952 |0 0  |1 0  |4 0  |7 0  |8 5  |a SNK  |b SNK  |d 1996-10-23  |i snkF 1131/96  |l 0  |o snkČSB 1743/5/1907 D1  |p 17A0014146  |r 2005-01-01 00:00:00  |t č. 1-53  |w 2026-02-21  |y PREZ 
952 |0 0  |1 0  |4 0  |7 0  |8 5  |a SNK  |b SNK  |d 1996-10-23  |i snkF 1132/96  |l 0  |o snkČSB 1743/5/1907 D2  |p 17A0014143  |r 2005-01-01 00:00:00  |t sz. 1-53  |w 2026-02-21  |y PREZ 
952 |0 0  |1 0  |4 0  |7 0  |8 5  |a SNK  |b SNK  |d 1996-10-23  |i snkF 1134/96  |l 0  |o snkČSB 1743/10/1912 D2  |p 17A0014145  |r 2005-01-01 00:00:00  |t sz. 1-57  |w 2026-02-21  |y PREZ 
952 |0 0  |1 0  |4 0  |7 0  |8 5  |a SNK  |b SNK  |d 1998-03-03  |i snkF 707/98  |l 0  |o snkČSB 1743/11/1913 D2  |p 17A0125721  |r 2005-01-01 00:00:00  |t sz. 1-53  |w 2026-02-21  |y PREZ 
952 |0 0  |1 0  |4 0  |7 0  |8 5  |a SNK  |b SNK  |d 1996-10-23  |i snkF 1127/96  |l 0  |o snkČSB 1743/1/1903 D2  |p 17A0014144  |r 2005-01-01 00:00:00  |t sz. 1-40  |w 2026-02-21  |y PREZ 
952 |0 0  |1 0  |4 0  |7 0  |8 5  |a SNK  |b SNK  |d 1996-10-23  |i snkF 2232/93  |l 0  |o snkČSB 1743/3/1905 D1  |r 2005-01-01 00:00:00  |w 2026-02-21  |y PREZ 
952 |0 0  |1 0  |4 0  |7 0  |8 5  |a SNK  |b SNK  |d 1996-10-23  |i snkF 1129/96  |l 0  |o snkČSB 1743/3/1905 D2  |p 17A0014155  |r 2005-01-01 00:00:00  |t sz. 1-53  |w 2026-02-21  |y PREZ 
952 |0 0  |1 0  |4 0  |7 0  |8 5  |a SNK  |b SNK  |d 1996-10-23  |i snkF 2247/93  |l 0  |o snkČSB 1743/4/1906 D1  |r 2005-01-01 00:00:00  |w 2026-02-21  |y PREZ 
952 |0 0  |1 0  |4 0  |7 0  |8 5  |a SNK  |b SNK  |d 1996-10-23  |i snkF 1130/96  |l 0  |o snkČSB 1743/4/1906 D2  |p 17A0014152  |r 2005-01-01 00:00:00  |t sz. 1-53  |w 2026-02-21  |y PREZ 
952 |0 0  |1 0  |4 0  |7 0  |8 5  |a SNK  |b SNK  |d 1996-10-23  |i snkF 1133/96  |l 0  |o snkČSB 1743/8/1910 D2  |p 17A0014156  |r 2005-01-01 00:00:00  |t sz. 1-53  |w 2026-02-21  |y PREZ